Bicentenario del Cd̤igo Penal de 1822 la defensa penal de la constitucin̤ de 1812 en su contexto histr̤ico institucional /

Detalles Bibliográficos
Autor principal: Cobo del Rosal Přez, Gabriela C.
Formato: eBook
Lenguaje:portugués
Publicado: Madrid: Dykinson, 2021
Materias:
Acceso en línea:Acceso restringido

MARC

LEADER 00000nam a22000007a 4500
005 20220817230617.0
007 cr|||| ||||
008 220817s2021 br |||||s|||| 00||0 por d
020 |a 978-84-1377-919-5 
035 |a 36507 
040 |a vLex 
090 |c 13741  |d 13741 
100 1 |a Cobo del Rosal Přez, Gabriela C. 
245 1 0 |a Bicentenario del Cd̤igo Penal de 1822  |h [Recurso electrn̤ico] :  |b la defensa penal de la constitucin̤ de 1812 en su contexto histr̤ico institucional /  |c Gabriela C. Cobo del Rosal Přez 
256 |a Servicio en ln̕ea 
260 |a Madrid:  |b Dykinson,  |c 2021 
300 |a 1 recurso electrn̤ico 
500 |a El constituyente de 1812 no duda en establecer un terminante imperativo constitucional para conminar a respetar el propio texto constitucional. El sujeto obligado es “la Nacin̤” y el medio instrumental, el Derecho, las “leyes”. Este mismo artc̕ulo 4ð de la Constitucin̤ de 1812 enunciaba algunos de los elementos jurd̕icos esenciales del Estado liberal de Derecho: libertad, propiedad, derechos individuales. En el presente estudio nos proponemos observar el contexto histr̤ico polt̕ico en que dicho imperativo legal se concreta por vez primera a travš de la proteccin̤ penal que ofrecera̕ el Cd̤igo de 1822. 
506 1 |a Disponible solo en los productos indicados  |d vLex Global  |d vLex Global (Academic Edition, excluding Law Schools)  |d vLex Global (U.S. Academic Edition, Law Schools)  |d vLex Global (U.S. Academic Edition, excluding Law Schools)  |d vLex Global (Academic Edition, Law Schools) 
650 0 4 |a Derecho Penal  |z Espaą 
740 0 |a vLex Libros (Servicio en ln̕ea) 
856 4 0 |u https://app.vlex.com/#/sources/36507  |z Acceso restringido 
942 |c BOOK 
999 0 |a Criminal law